| 000 | 00565nam a2200205 i 4500 | ||
|---|---|---|---|
| 001 | 123170 | ||
| 003 | ES-MaACL | ||
| 005 | 20250722093415.0 | ||
| 007 | t| | ||
| 008 | 070214s1934 xxk r ||||0| eng d | ||
| 100 | 1 |
_aQuennell, Peter. _994518 |
|
| 245 | 1 | 0 |
_aByron / _cPeter Quennell. |
| 260 |
_aLondon : _bDuckworth, _c1934. |
||
| 300 |
_a142 p ; _c19 cm. |
||
| 490 | 1 | _aGreat lives | |
| 600 | 1 | 4 |
_aByron, George Gordon Byron, _cBaron, _d1788-1824 _933026 |
| 830 | 0 |
_aGreat lives _9186581 |
|
| 852 |
_aES-MaACL _jA-2069 |
||
| 999 |
_c123170 _d123170 |
||